000 00345 a2200169 4500
001 186781
020 _a85-16-06597-3
040 _cMagnum
100 _aFurnari, Eva
240 1 0 _aPandolfo Bereba
_lpor
245 1 0 _aPandolfo Bereba
300 _a32
362 0 _a2010
440 1 _aModerna
697 _aLITERATURA INFANTO
942 _cBK
999 _c186781
_d186781